都道府県知事の名字 - Statistics

General Stats
  • This quiz has been taken 243 times
  • The average score is 15 of 47
Answer Stats
都道府県 名字 名前 % Correct
東京都 小池 百合子
91%
北海道 鈴木 直道
84%
山形県 吉村 美栄子
77%
大阪府 吉村 洋文
77%
沖縄県 玉城 デニー
77%
兵庫県 齋藤 元彦
59%
神奈川県 黒岩 祐治
58%
群馬県 山本 一太
56%
静岡県 川勝 平太
56%
石川県
54%
千葉県 熊谷 俊人
53%
愛知県 大村 秀章
53%
埼玉県 大野 元裕
41%
秋田県 佐竹 敬久
39%
滋賀県 三日月 大造
38%
鳥取県 平井 伸治
37%
宮城県 村井 嘉浩
34%
岩手県 達増 拓也
31%
茨城県 大井川 和彦
31%
愛媛県 中村 時広
30%
山梨県 長崎 幸太郎
29%
和歌山県 岸本 周平
25%
佐賀県 山口 祥義
24%
岡山県 伊原木 隆太
22%
徳島県 飯泉 嘉門
21%
島根県 丸山 達也
20%
栃木県 福田 富一
19%
青森県 三村 申吾
18%
新潟県 花角 英世
17%
長野県 阿部 守一
17%
奈良県 荒井 正吾
16%
福島県 内堀 雅雄
15%
京都府 西脇 隆俊
15%
福岡県 服部 誠太郎
15%
熊本県 蒲島 郁夫
15%
富山県 新田 八朗
14%
宮崎県 河野 俊嗣
14%
岐阜県 古田
11%
香川県 池田 豊人
11%
大分県 広瀬 勝貞
11%
福井県 杉本 達治
10%
山口県 村岡 嗣政
10%
三重県 一見 勝之
9%
広島県 湯﨑 英彦
9%
長崎県 大石 賢吾
9%
高知県 濵田 省司
7%
鹿児島県 塩田 康一
6%
No matching quizzes found
Score Distribution
Percent of People with Each Score
Percentile by Number Answered
Your Score History
You have not taken this quiz